000 00848nam a2200277 a 4500
001 BRCA_3865
005 20190320204444.0
008 181209s1943----sp-a######---#000-0#spa-#
041 _aspa
044 _asp
050 4 _aNA5811
_b.M66 1 1943
100 1 _aGoya Nuño, Juan Antonio
_910064
245 1 0 _aEl Escorial
_cJ. A. Goya Nuño.
250 _a2
260 _aMadrid
_bPlus-Ultra
_c1943
300 _a150 p.
_bil.
_c22 cm.
440 0 _aLos monumentos cardinales de España
_v1
_910065
500 _aIncluye notas: p. 147-150.
500 _aEjemplar igual a E27 (2 ej.). Ver también E2, E3, E18, E19, E20, E21, E22, E23, E24, E25, E26
500 _aC24
650 1 4 _aArquitectura
_zEl Escorial, España
_910066
650 1 4 _aArquitectura
_zEspaña
_92007
651 4 _aEl Escorial, España
_910067
902 _aGFM
942 _2lcc
_cB
999 _c3593
_d3593